000
00255nam a22000977a 4500
100
_a
Singhania,Nitin
_9
73263
245
_a
Indian Art and Culture for Civil Services...
260
_a
Chennai
_b
Mc Graw Hill
_c
2020
650
_a
Art & Culture
_9
79731
942
_c
BK
999
_c
63344
_d
63344